[Event "WCO 2016"]
[Site "?"]
[Date "2016.09.11"]
[Round "9"]
[Board "14"]
[WhiteID "8504580"]
[White "Anwuli Daniel "]
[BlackID "13100424"]
[Black "Rajaonarison Faniry"]
[Result "1-0"]
[BlackElo "2150"]
[WhiteElo "2336"]
[LiveChessVersion "1.4.8"]

1. c4 {[%clk 1:30:58]} e5 {[%clk 1:30:31]} 2. g3 {[%clk 1:31:24]} d6
{[%clk 1:30:29]} 3. Nc3 {[%clk 1:31:34]} Nc6 {[%clk 1:30:45]} 4. Bg2
{[%clk 1:29:50]} g6 {[%clk 1:28:55]} 5. e3 {[%clk 1:27:15]} Bg7 {[%clk 1:28:35]}
6. Nge2 {[%clk 1:27:38]} Nge7 {[%clk 1:27:22]} 7. O-O {[%clk 1:27:59]} O-O
{[%clk 1:27:48]} 8. b3 {[%clk 1:25:03]} Bd7 {[%clk 1:11:21]} 9. Bb2
{[%clk 1:25:14]} Rb8 {[%clk 1:05:46]} 10. Nd5 {[%clk 1:23:48]} a6
{[%clk 1:04:32]} 11. Rc1 {[%clk 1:23:42]} Nxd5 {[%clk 1:02:15]} 12. cxd5
{[%clk 1:24:07]} Nb4 {[%clk 1:02:03]} 13. Ba3 {[%clk 1:19:04]} a5
{[%clk 1:00:41]} 14. Bxb4 {[%clk 1:18:08]} axb4 {[%clk 1:01:04]} 15. Qc2
{[%clk 1:16:56]} Bb5 {[%clk 0:57:48]} 16. Rfe1 {[%clk 1:16:39]} f5
{[%clk 0:44:14]} 17. Qxc7 {[%clk 1:12:47]} Qxc7 {[%clk 0:44:28]} 18. Rxc7
{[%clk 1:13:11]} Rfc8 {[%clk 0:44:46]} 19. Rxc8+ {[%clk 1:09:59]} Rxc8
{[%clk 0:45:10]} 20. Rc1 {[%clk 1:10:26]} Ra8 {[%clk 0:42:07]} 21. Bf1
{[%clk 1:07:51]} Ra5 {[%clk 0:23:34]} 22. Rc8+ {[%clk 1:00:58]} Bf8
{[%clk 0:23:53]} 23. Nc1 {[%clk 0:59:09]} Bxf1 {[%clk 0:20:22]} 24. Kxf1
{[%clk 0:59:38]} Rxd5 {[%clk 0:20:45]} 25. Rc4 {[%clk 0:56:17]} Rxd2
{[%clk 0:13:02]} 26. Ke1 {[%clk 0:56:41]} Rb2 {[%clk 0:13:23]} 27. Rxb4
{[%clk 0:56:53]} Rc2 {[%clk 0:12:28]} 28. Nd3 {[%clk 0:47:12]} Rc7
{[%clk 0:11:43]} 29. Kd2 {[%clk 0:42:22]} Kf7 {[%clk 0:11:54]} 30. Rc4
{[%clk 0:41:06]} Rxc4 {[%clk 0:11:55]} 31. bxc4 {[%clk 0:41:32]} Be7
{[%clk 0:11:57]} 32. Kc3 {[%clk 0:39:19]} Ke8 {[%clk 0:09:23]} 33. Kb4
{[%clk 0:35:45]} Kd7 {[%clk 0:07:29]} 34. Kb5 {[%clk 0:36:08]} Bd8
{[%clk 0:04:43]} 35. a4 {[%clk 0:34:01]} e4 {[%clk 0:03:34]} 36. Nf4
{[%clk 0:33:02]} Ke7 {[%clk 0:03:10]} 37. Ne2 {[%clk 0:26:36]} Ke6
{[%clk 0:01:00]} 38. Nd4+ {[%clk 0:26:44]} Ke5 {[%clk 0:00:44]} 39. Nb3
{[%clk 0:24:41]} Bc7 {[%clk 0:00:33]} 40. Na5 {[%clk 0:51:15]} Bxa5
{[%clk 0:30:46]} 41. Kxa5 {[%clk 0:51:43]} d5 {[%clk 0:30:55]} 42. c5
{[%clk 0:50:53]} g5 {[%clk 0:30:24]} 43. Kb6 {[%clk 0:51:07]} d4 {[%clk 0:30:46]}
44. exd4+ {[%clk 0:51:14]} Kxd4 {[%clk 0:31:09]} 45. Kxb7 {[%clk 0:51:30]} Kxc5
{[%clk 0:31:00]} 46. a5 {[%clk 0:51:23]} f4 {[%clk 0:31:19]} 47. a6
{[%clk 0:50:49]} e3 {[%clk 0:31:41]} 48. fxe3 {[%clk 0:51:12]} fxe3
{[%clk 0:32:04]} 49. a7 {[%clk 0:51:39]} e2 {[%clk 0:32:28]} 50. a8=Q
{[%clk 0:52:05]} e1=Q 51. Qc8+ {[%clk 0:50:40]} Kd4 {[%clk 0:30:16]} 52. Qd7+
{[%clk 0:49:17]} Ke3 {[%clk 0:28:24]} 53. Qxh7 {[%clk 0:49:03]} Qb4+
{[%clk 0:27:48]} 54. Kc6 {[%clk 0:48:39]} g4 {[%clk 0:26:38]} 55. Qf5
{[%clk 0:44:57]} Qd4 {[%clk 0:23:30]} 56. Qf7 {[%clk 0:21:49]} Qe4+
{[%clk 0:19:40]} 57. Kd6 {[%clk 0:20:45]} Qf3 {[%clk 0:18:49]} 58. Qa2
{[%clk 0:20:21]} Kd3 {[%clk 0:16:45]} 59. Ke5 {[%clk 0:19:31]} Kc3
{[%clk 0:05:53]} 60. Qd5 {[%clk 0:17:04]} Kc2 {[%clk 0:01:28]} 61. Qd4
{[%clk 0:16:32]} Kb3 {[%clk 0:00:53]} 62. Qf4 {[%clk 0:16:41]} Qe2+
{[%clk 0:01:02]} 63. Kf5 {[%clk 0:16:40]} Qxh2 {[%clk 0:01:20]} 64. Kxg4
{[%clk 0:16:51]} Qh7 {[%clk 0:01:13]} 65. Kf3 {[%clk 0:16:56]} Qh1+
{[%clk 0:01:25]} 66. Ke3 {[%clk 0:15:58]} Qg1+ {[%clk 0:01:25]} 67. Ke4
{[%clk 0:15:43]} Kc4 {[%clk 0:01:31]} 68. Kf5+ {[%clk 0:15:53]} Kc5
{[%clk 0:01:05]} 69. g4 {[%clk 0:16:06]} Kc6 {[%clk 0:01:14]} 70. g5
{[%clk 0:16:22]} Kd7 {[%clk 0:01:17]} 71. Qe5 {[%clk 0:16:22]} Qb1+
{[%clk 0:00:59]} 72. Kf6 {[%clk 0:16:39]} Qb6+ {[%clk 0:00:41]} 73. Kg7
{[%clk 0:17:01]} Qf2 {[%clk 0:00:52]} 74. g6 {[%clk 0:17:04]} Qh4
{[%clk 0:00:52]} 75. Qf5+ {[%clk 0:16:55]} Ke7 {[%clk 0:01:02]} 76. Qf7+
{[%clk 0:17:14]} Kd8 {[%clk 0:01:01]} 77. Qf6+ {[%clk 0:17:37]} 1-0

[Event "WCO 2016"]
[Site "?"]
[Date "2016.09.11"]
[Round "9"]
[Board "15"]
[WhiteID "13100351"]
[White "Ralison Milanto Harifidy"]
[BlackID "8500258"]
[Black "Adu Oladapo"]
[Result "0-1"]
[BlackElo "2334"]
[WhiteElo "2058"]
[LiveChessVersion "1.4.8"]

1. e4 {[%clk 1:30:55]} d6 {[%clk 1:30:50]} 2. d4 {[%clk 1:31:09]} g6
{[%clk 1:31:19]} 3. Nc3 {[%clk 1:31:06]} Bg7 {[%clk 1:31:47]} 4. f4
{[%clk 1:31:19]} c6 {[%clk 1:31:19]} 5. h3 {[%clk 1:31:24]} Nd7 {[%clk 1:29:56]}
6. Nf3 {[%clk 1:29:34]} e6 {[%clk 1:29:32]} 7. Be3 {[%clk 1:28:05]} Ne7
{[%clk 1:29:05]} 8. Bd3 {[%clk 1:27:12]} Qb6 {[%clk 1:28:13]} 9. e5
{[%clk 1:25:08]} dxe5 {[%clk 1:24:05]} 10. fxe5 {[%clk 1:24:27]} Nxe5
{[%clk 1:21:38]} 11. O-O {[%clk 1:21:10]} Nxf3+ {[%clk 1:21:40]} 12. Qxf3
{[%clk 1:21:32]} O-O {[%clk 1:22:07]} 13. Kh1 {[%clk 1:16:55]} Nf5
{[%clk 1:21:32]} 14. Bxf5 {[%clk 1:15:24]} exf5 {[%clk 1:21:12]} 15. Na4
{[%clk 1:11:19]} Qc7 {[%clk 1:16:33]} 16. c4 {[%clk 1:09:47]} b6 {[%clk 1:15:25]}
17. Nc3 {[%clk 1:06:14]} Ba6 {[%clk 1:15:20]} 18. b3 {[%clk 1:05:05]} Rad8
{[%clk 1:12:58]} 19. Rfd1 {[%clk 1:02:23]} b5 {[%clk 1:12:33]} 20. Bf4
{[%clk 0:59:44]} Qa5 {[%clk 0:56:27]} 21. cxb5 {[%clk 0:42:36]} cxb5
{[%clk 0:55:56]} 22. Nd5 {[%clk 0:42:18]} Rd7 {[%clk 0:56:24]} 23. Ne3
{[%clk 0:31:02]} Bb7 {[%clk 0:54:26]} 24. Qg3 {[%clk 0:29:41]} Be4
{[%clk 0:53:01]} 25. Be5 {[%clk 0:28:21]} Re8 {[%clk 0:50:34]} 26. Bxg7
{[%clk 0:24:05]} Kxg7 {[%clk 0:51:03]} 27. d5 {[%clk 0:22:51]} Qb6
{[%clk 0:50:42]} 28. Re1 {[%clk 0:20:43]} Qd8 {[%clk 0:49:17]} 29. Rad1
{[%clk 0:19:33]} Kh8 {[%clk 0:47:42]} 30. Kh2 {[%clk 0:18:32]} Qf6
{[%clk 0:45:48]} 31. Qf4 {[%clk 0:16:10]} Qe5 {[%clk 0:41:03]} 32. Qxe5+
{[%clk 0:10:00]} Rxe5 {[%clk 0:40:25]} 33. Rd4 {[%clk 0:09:35]} Bxd5
{[%clk 0:34:55]} 34. Red1 {[%clk 0:08:26]} Rxe3 {[%clk 0:35:23]} 35. Rxd5
{[%clk 0:08:47]} Rxd5 {[%clk 0:35:37]} 36. Rxd5 {[%clk 0:09:12]} a6
{[%clk 0:36:04]} 37. Rd7 {[%clk 0:07:40]} Kg7 {[%clk 0:36:24]} 38. Ra7
{[%clk 0:08:04]} Re6 {[%clk 0:36:42]} 39. Kg3 {[%clk 0:08:23]} g5
{[%clk 0:37:03]} 40. h4 {[%clk 0:37:59]} h6 {[%clk 1:07:30]} 41. h5
{[%clk 0:37:20]} Kf6 {[%clk 1:07:47]} 42. Kf3 {[%clk 0:37:14]} f4
{[%clk 1:06:01]} 43. g3 {[%clk 0:32:40]} fxg3 {[%clk 1:06:04]} 44. Kxg3
{[%clk 0:33:02]} Rd6 {[%clk 1:06:33]} 45. a4 {[%clk 0:32:35]} bxa4
{[%clk 1:06:55]} 46. bxa4 {[%clk 0:32:57]} Ke6 {[%clk 1:07:24]} 47. a5
{[%clk 0:33:04]} f5 {[%clk 1:07:50]} 48. Rh7 {[%clk 0:31:39]} f4+
{[%clk 1:07:57]} 49. Kf3 {[%clk 0:30:19]} Kf5 {[%clk 1:08:21]} 50. Rf7+
{[%clk 0:30:22]} Rf6 {[%clk 1:08:46]} 51. Rb7 {[%clk 0:30:21]} g4+
{[%clk 1:09:12]} 52. Kf2 {[%clk 0:30:43]} Kg5 {[%clk 1:09:10]} 53. Rb6
{[%clk 0:30:59]} f3 {[%clk 1:09:26]} 54. Kg3 {[%clk 0:22:50]} f2 {[%clk 1:09:30]}
0-1

[Event "WCO 2016"]
[Site "?"]
[Date "2016.09.11"]
[Round "9"]
[Board "16"]
[WhiteID "8501300"]
[White "Emuakpeje Ochuko"]
[BlackID "13101005"]
[Black "Rakotomaharo Tahina Hajanirina"]
[Result "1-0"]
[BlackElo "2060"]
[WhiteElo "2272"]
[LiveChessVersion "1.4.8"]

1. d4 {[%clk 1:30:56]} d6 {[%clk 1:30:28]} 2. c4 {[%clk 1:31:18]} e5
{[%clk 1:30:39]} 3. e4 {[%clk 1:26:34]} exd4 {[%clk 1:29:02]} 4. Qxd4
{[%clk 1:26:53]} Nc6 {[%clk 1:29:26]} 5. Qd1 {[%clk 1:26:08]} Nf6
{[%clk 1:29:13]} 6. Nc3 {[%clk 1:26:05]} g6 {[%clk 1:29:37]} 7. f3
{[%clk 1:24:19]} Bg7 {[%clk 1:29:58]} 8. Be3 {[%clk 1:23:41]} O-O
{[%clk 1:30:02]} 9. Nge2 {[%clk 1:23:02]} Ne5 {[%clk 1:23:09]} 10. Nf4
{[%clk 1:17:41]} Nfd7 {[%clk 1:12:55]} 11. h4 {[%clk 1:10:32]} Nb6
{[%clk 1:11:47]} 12. Qb3 {[%clk 1:09:20]} Re8 {[%clk 1:04:46]} 13. O-O-O
{[%clk 1:01:33]} Nbd7 {[%clk 0:51:40]} 14. Be2 {[%clk 0:57:58]} Bf8
{[%clk 0:51:40]} 15. g4 {[%clk 0:48:03]} c6 {[%clk 0:51:24]} 16. g5
{[%clk 0:45:45]} Qe7 {[%clk 0:45:58]} 17. Rdg1 {[%clk 0:40:32]} Bg7
{[%clk 0:39:55]} 18. h5 {[%clk 0:39:19]} Nc5 {[%clk 0:40:05]} 19. Qc2
{[%clk 0:32:41]} Ne6 {[%clk 0:40:24]} 20. hxg6 {[%clk 0:27:50]} hxg6
{[%clk 0:37:01]} 21. Nh3 {[%clk 0:26:59]} Nc7 {[%clk 0:29:22]} 22. Nf2
{[%clk 0:21:14]} Nxc4 {[%clk 0:28:03]} 23. Bxc4 {[%clk 0:20:36]} d5
{[%clk 0:28:26]} 24. Bb3 {[%clk 0:19:58]} d4 {[%clk 0:28:46]} 25. Bd2
{[%clk 0:19:50]} dxc3 {[%clk 0:29:07]} 26. Bxc3 {[%clk 0:19:52]} Bxc3
{[%clk 0:28:10]} 27. Qxc3 {[%clk 0:18:25]} Qe5 {[%clk 0:28:34]} 28. Qd2
{[%clk 0:17:40]} Nb5 {[%clk 0:23:03]} 29. Rh6 {[%clk 0:14:20]} Kf8
{[%clk 0:14:15]} 30. Rh7 {[%clk 0:11:47]} Be6 {[%clk 0:11:44]} 31. Qb4+
{[%clk 0:08:03]} Kg8 {[%clk 0:10:28]} 32. Nd3 {[%clk 0:08:03]} Qd4
{[%clk 0:09:59]} 33. Rgh1 {[%clk 0:06:46]} Qe3+ {[%clk 0:10:20]} 34. Qd2
{[%clk 0:05:40]} Qxd2+ {[%clk 0:10:41]} 35. Kxd2 {[%clk 0:06:09]} Kf8
{[%clk 0:09:03]} 36. Bxe6 {[%clk 0:06:13]} 1-0

[Event "WCO 2016"]
[Site "?"]
[Date "2016.09.11"]
[Round "9"]
[Board "13"]
[WhiteID "5300118"]
[White "Eid Fadi"]
[BlackID "7700156"]
[Black "Harper Ryan"]
[Result "1-0"]
[BlackElo "2215"]
[WhiteElo "2354"]
[LiveChessVersion "1.4.8"]

1. e4 {[%clk 1:30:58]} c5 {[%clk 1:30:57]} 2. a3 {[%clk 1:31:13]} g6
{[%clk 1:28:39]} 3. Nc3 {[%clk 1:31:35]} Bg7 {[%clk 1:28:40]} 4. f4
{[%clk 1:32:03]} Nc6 {[%clk 1:25:55]} 5. Nf3 {[%clk 1:32:30]} d6 {[%clk 1:24:48]}
6. Bc4 {[%clk 1:32:36]} e6 {[%clk 1:22:10]} 7. f5 {[%clk 1:31:54]} Nge7
{[%clk 1:13:49]} 8. fxe6 {[%clk 1:32:15]} fxe6 {[%clk 1:11:43]} 9. O-O
{[%clk 1:31:52]} O-O {[%clk 0:54:05]} 10. d3 {[%clk 1:31:43]} a6 {[%clk 0:48:14]}
11. Rb1 {[%clk 1:27:27]} b5 {[%clk 0:47:14]} 12. Ba2 {[%clk 1:27:55]} Bd7
{[%clk 0:46:39]} 13. Ne2 {[%clk 1:27:10]} d5 {[%clk 0:44:04]} 14. Nf4
{[%clk 1:18:54]} c4 {[%clk 0:42:23]} 15. dxc4 {[%clk 1:18:17]} dxe4
{[%clk 0:35:18]} 16. Ng5 {[%clk 1:14:34]} Nd4 {[%clk 0:25:36]} 17. c5
{[%clk 1:11:42]} Qc8 {[%clk 0:22:58]} 18. b4 {[%clk 1:06:12]} h6 {[%clk 0:17:29]}
19. Nxe4 {[%clk 1:06:07]} Qc6 {[%clk 0:17:07]} 20. Ng3 {[%clk 1:04:27]} Kh7
{[%clk 0:16:24]} 21. Bb2 {[%clk 0:58:22]} e5 {[%clk 0:15:23]} 22. Bxd4
{[%clk 0:52:35]} exd4 {[%clk 0:13:54]} 23. Qf3 {[%clk 0:46:42]} Qxf3
{[%clk 0:09:20]} 24. Rxf3 {[%clk 0:45:44]} a5 {[%clk 0:09:33]} 25. Nd5
{[%clk 0:45:12]} Rxf3 {[%clk 0:09:21]} 26. gxf3 {[%clk 0:45:39]} Nc8
{[%clk 0:08:32]} 27. Ne4 {[%clk 0:45:10]} axb4 {[%clk 0:08:55]} 28. Nef6+
{[%clk 0:45:19]} Kh8 {[%clk 0:08:12]} 29. Nxd7 {[%clk 0:45:25]} Rxa3
{[%clk 0:06:08]} 30. Bb3 {[%clk 0:45:32]} Ra7 {[%clk 0:05:08]} 31. N7b6
{[%clk 0:45:43]} Ne7 32. Nxe7 {[%clk 0:46:02]} Rxe7 {[%clk 0:05:17]} 33. Nd5
{[%clk 0:46:01]} Re8 {[%clk 0:04:57]} 1-0

[Event "WCO 2016"]
[Site "?"]
[Date "2016.09.11"]
[Round "9"]
[Board "14"]
[WhiteID "7700512"]
[White "Cupid Kevin"]
[BlackID "5300380"]
[Black "El Jawich Amro"]
[Result "1/2-1/2"]
[BlackElo "2260"]
[WhiteElo "2166"]
[LiveChessVersion "1.4.8"]

1. d4 {[%clk 1:30:58]} Nf6 {[%clk 1:30:43]} 2. c4 {[%clk 1:31:27]} d6
{[%clk 1:30:45]} 3. Nc3 {[%clk 1:31:54]} e5 {[%clk 1:30:59]} 4. e3
{[%clk 1:32:08]} Nbd7 {[%clk 1:28:32]} 5. Nf3 {[%clk 1:32:21]} g6
{[%clk 1:28:07]} 6. Be2 {[%clk 1:30:46]} Bg7 {[%clk 1:28:08]} 7. O-O
{[%clk 1:31:13]} O-O {[%clk 1:27:56]} 8. a4 {[%clk 1:31:27]} a5 {[%clk 1:20:13]}
9. Nb5 {[%clk 1:30:32]} e4 {[%clk 1:16:21]} 10. Nd2 {[%clk 1:30:24]} Re8
{[%clk 1:11:47]} 11. b3 {[%clk 1:29:54]} Nf8 {[%clk 1:11:32]} 12. Ba3
{[%clk 1:30:18]} h5 {[%clk 1:10:31]} 13. Rc1 {[%clk 1:29:57]} h4 {[%clk 1:02:28]}
14. Re1 {[%clk 1:17:35]} N8h7 {[%clk 0:57:34]} 15. Nf1 {[%clk 1:08:52]} Bf8
{[%clk 0:53:39]} 16. c5 {[%clk 1:07:45]} d5 {[%clk 0:53:36]} 17. c6
{[%clk 1:08:03]} b6 {[%clk 0:45:56]} 18. Bxf8 {[%clk 1:04:55]} Rxf8
{[%clk 0:44:26]} 19. f3 {[%clk 1:04:17]} exf3 {[%clk 0:40:24]} 20. Bxf3
{[%clk 1:04:07]} Ng5 {[%clk 0:38:48]} 21. Qe2 {[%clk 1:04:23]} Ba6
{[%clk 0:35:02]} 22. Qf2 {[%clk 1:04:47]} Bxb5 {[%clk 0:34:26]} 23. axb5
{[%clk 1:05:15]} Nfe4 {[%clk 0:32:29]} 24. Bxe4 {[%clk 1:03:56]} Nxe4
{[%clk 0:32:49]} 25. Qc2 {[%clk 0:57:42]} Qf6 {[%clk 0:25:50]} 26. Re2
{[%clk 0:58:08]} Nd6 {[%clk 0:25:19]} 27. Nd2 {[%clk 0:54:12]} Rfe8
{[%clk 0:17:56]} 28. Rf1 {[%clk 0:53:40]} Qe7 {[%clk 0:17:09]} 29. Qd3
{[%clk 0:52:28]} Kg7 {[%clk 0:13:33]} 30. Nf3 {[%clk 0:51:52]} Qe4
{[%clk 0:12:40]} 31. Qxe4 Rxe4 {[%clk 0:12:11]} 32. Ne5 {[%clk 0:29:07]} f6
{[%clk 0:11:59]} 33. Nd7 {[%clk 0:29:35]} f5 {[%clk 0:11:30]} 34. Rf4
{[%clk 0:29:00]} Rae8 {[%clk 0:08:08]} 35. Ne5 {[%clk 0:14:52]} Rxf4
{[%clk 0:07:34]} 36. exf4 {[%clk 0:15:13]} Nxb5 {[%clk 0:07:45]} 37. Rd2
{[%clk 0:13:01]} Nc3 {[%clk 0:04:16]} 38. Rc2 {[%clk 0:12:03]} Ne4
{[%clk 0:04:11]} 39. Nf3 {[%clk 0:03:31]} Kf6 {[%clk 0:03:12]} 40. Nxh4
{[%clk 0:32:51]} Nd6 {[%clk 0:32:27]} 41. Rc3 Nb5 42. Rg3 {[%clk 0:16:19]} Rg8
{[%clk 0:28:34]} 43. Nf3 {[%clk 0:16:33]} Nc3 {[%clk 0:25:08]} 44. Kf1
{[%clk 0:16:21]} Ne4 {[%clk 0:23:22]} 45. Rh3 {[%clk 0:16:45]} Kg7
{[%clk 0:22:05]} 46. Ne5 {[%clk 0:16:54]} Ra8 {[%clk 0:21:21]} 47. Nf3
{[%clk 0:13:01]} b5 {[%clk 0:15:55]} 48. Ng5 {[%clk 0:10:42]} Nxg5
{[%clk 0:14:15]} 49. fxg5 {[%clk 0:11:10]} a4 {[%clk 0:13:33]} 50. bxa4
{[%clk 0:11:33]} bxa4 {[%clk 0:13:43]} 51. Ra3 {[%clk 0:11:54]} Kf7
{[%clk 0:13:49]} 52. Ke2 {[%clk 0:01:48]} Ke6 {[%clk 0:13:53]} 53. Kd3
{[%clk 0:00:56]} Kd6 {[%clk 0:12:35]} 54. Kc3 {[%clk 0:01:25]} Rh8
{[%clk 0:08:41]} 55. h3 {[%clk 0:01:30]} Rh5 {[%clk 0:09:08]} 56. Rxa4
{[%clk 0:01:35]} Rxg5 {[%clk 0:09:31]} 57. Ra2 {[%clk 0:01:48]} Rg3+
{[%clk 0:09:06]} 58. Kb4 {[%clk 0:02:14]} Rd3 {[%clk 0:09:16]} 59. Ra8
{[%clk 0:01:45]} Rxd4+ {[%clk 0:09:27]} 60. Kb5 {[%clk 0:02:11]} Rd2
{[%clk 0:06:34]} 61. Rd8+ {[%clk 0:02:30]} Ke5 {[%clk 0:06:38]} 62. Rd7
{[%clk 0:01:58]} Rxg2 {[%clk 0:05:47]} 63. Rxc7 {[%clk 0:02:26]} Rb2+
{[%clk 0:04:00]} 64. Kc5 {[%clk 0:02:55]} Rc2+ {[%clk 0:04:26]} 65. Kb5
{[%clk 0:03:07]} f4 {[%clk 0:03:36]} 66. Rf7 {[%clk 0:02:00]} Ke4
{[%clk 0:02:46]} 67. Kb6 {[%clk 0:01:57]} f3 {[%clk 0:02:24]} 68. c7
{[%clk 0:02:20]} Ke3 {[%clk 0:02:14]} 69. Re7+ {[%clk 0:01:16]} Kd2
{[%clk 0:01:33]} 70. Re6 {[%clk 0:00:42]} f2 {[%clk 0:01:24]} 71. Rf6
{[%clk 0:01:10]} Ke2 {[%clk 0:01:26]} 72. Re6+ {[%clk 0:01:25]} Kd2
{[%clk 0:00:53]} 73. Rf6 {[%clk 0:01:52]} Ke1 {[%clk 0:00:45]} 74. Re6+
{[%clk 0:02:06]} Kd1 {[%clk 0:00:54]} 75. Rf6 {[%clk 0:02:21]} Ke1
{[%clk 0:00:37]} 76. Re6+ {[%clk 0:02:49]} Kd2 {[%clk 0:00:32]} 77. Rf6
{[%clk 0:03:16]} Ke3 {[%clk 0:00:42]} 78. Re6+ {[%clk 0:03:27]} Kf3
{[%clk 0:00:41]} 79. Rf6+ {[%clk 0:03:19]} Kg2 {[%clk 0:00:47]} 80. Rxg6+
{[%clk 0:03:28]} Kxh3 {[%clk 0:00:35]} 81. Rf6 {[%clk 0:03:49]} Kg2
{[%clk 0:00:41]} 82. Rg6+ {[%clk 0:04:03]} Kf3 {[%clk 0:00:49]} 83. Rf6+
{[%clk 0:04:22]} Ke2 {[%clk 0:01:09]} 84. Re6+ {[%clk 0:04:47]} Kd3
{[%clk 0:01:01]} 85. Rf6 {[%clk 0:05:06]} Ke2 {[%clk 0:00:58]} 86. Re6+
{[%clk 0:05:34]} Kd3 {[%clk 0:01:27]} 87. Rf6 {[%clk 0:05:23]} Rb2+
{[%clk 0:00:38]} 88. Ka7 {[%clk 0:02:02]} Rc2 {[%clk 0:00:58]} 89. Kb7
{[%clk 0:02:29]} Ke2 {[%clk 0:01:06]} 90. Re6+ {[%clk 0:02:20]} Kd1
{[%clk 0:01:27]} 91. Rf6 {[%clk 0:02:24]} Ke1 {[%clk 0:01:36]} 92. Re6+
{[%clk 0:02:35]} Kd1 {[%clk 0:00:42]} 1/2-1/2

[Event "WCO 2016"]
[Site "?"]
[Date "2016.09.11"]
[Round "9"]
[Board "15"]
[WhiteID "5300150"]
[White "Kassis Antoine"]
[BlackID "7700750"]
[Black "Winter Atwell Adrian"]
[Result "1/2-1/2"]
[BlackElo "2158"]
[WhiteElo "2142"]
[LiveChessVersion "1.4.8"]

1. e4 {[%clk 1:30:57]} e5 {[%clk 1:30:48]} 2. Nf3 {[%clk 1:31:11]} Nc6
{[%clk 1:31:12]} 3. Bb5 {[%clk 1:31:32]} Bc5 {[%clk 1:31:33]} 4. c3
{[%clk 1:30:51]} Nf6 {[%clk 1:31:38]} 5. d4 {[%clk 1:29:10]} exd4
{[%clk 1:31:44]} 6. e5 {[%clk 1:27:44]} Nd5 {[%clk 1:31:50]} 7. O-O
{[%clk 1:25:55]} O-O {[%clk 1:28:52]} 8. cxd4 {[%clk 1:23:29]} Be7
{[%clk 1:27:30]} 9. Qb3 {[%clk 1:11:18]} Nb6 {[%clk 1:27:32]} 10. d5
{[%clk 1:10:51]} Nb8 {[%clk 1:27:40]} 11. Nc3 {[%clk 1:05:49]} d6
{[%clk 1:27:10]} 12. a4 {[%clk 1:01:04]} c6 {[%clk 1:26:10]} 13. exd6
{[%clk 0:54:43]} Qxd6 {[%clk 1:22:19]} 14. dxc6 {[%clk 0:52:58]} bxc6
{[%clk 1:22:10]} 15. Be2 {[%clk 0:41:39]} Be6 {[%clk 1:17:11]} 16. Qc2
{[%clk 0:42:00]} a5 {[%clk 1:12:07]} 17. Ng5 {[%clk 0:38:29]} Bxg5
{[%clk 1:10:04]} 18. Bxg5 {[%clk 0:38:53]} Nd5 {[%clk 1:09:44]} 19. Bf3
{[%clk 0:27:45]} Na6 {[%clk 1:09:05]} 20. Ne4 {[%clk 0:25:42]} Qb4
{[%clk 1:05:45]} 21. Qxc6 {[%clk 0:25:40]} Qxb2 {[%clk 1:05:01]} 22. Qd6
{[%clk 0:16:59]} Qb8 {[%clk 1:01:12]} 23. Rfd1 {[%clk 0:14:39]} Qxd6
{[%clk 0:55:01]} 24. Nxd6 Nab4 {[%clk 0:55:06]} 25. Rac1 {[%clk 0:12:20]} f6
{[%clk 0:54:10]} 26. Bd2 {[%clk 0:11:28]} Rab8 {[%clk 0:51:46]} 27. Bxd5
{[%clk 0:09:19]} Nxd5 {[%clk 0:50:58]} 28. Bxa5 {[%clk 0:09:24]} Nf4
{[%clk 0:48:02]} 29. Rd2 {[%clk 0:06:14]} Ra8 {[%clk 0:45:27]} 30. Rc5
{[%clk 0:04:57]} Rfb8 {[%clk 0:45:40]} 31. f3 {[%clk 0:03:14]} Rb1+
{[%clk 0:45:38]} 32. Kf2 {[%clk 0:03:33]} Ra1 {[%clk 0:45:51]} 33. Rd4
{[%clk 0:03:05]} Ra2+ {[%clk 0:45:07]} 34. Bd2 {[%clk 0:03:24]} R8xa4
{[%clk 0:43:43]} 35. Rxa4 {[%clk 0:03:23]} Nd3+ {[%clk 0:43:13]} 36. Ke3
{[%clk 0:03:31]} Nxc5 {[%clk 0:43:32]} 1/2-1/2